000 00420nam a2200145Ia 4500
008 220204s9999 xx 000 0 und d
082 _a576.311.344
_bDIN
100 _aDEAN, R T
245 0 _aLysosomes in biology and pathology. V 4
260 _aAmsterdam
_bNorth Holland;1975
490 _aNorth Holland research monographs: Formation of biology; v 43
650 _aLysosome
700 _aDINGLE, J T
942 _cBK
999 _c24297
_d24297